[Event "Aracaju rapid op"]
[Site "Aracaju"]
[Date "2020.01.18"]
[Round "3"]
[White "Silva, Rene Augusto Dos Sa"]
[Black "Dos Santos Souza, Gabriel"]
[Result "1-0"]
[WhiteElo "1952"]
[BlackElo "1956"]
[PlyCount "119"]
[EventDate "2020.01.18"]
[EventType "swiss"]
[EventRounds "4"]
[EventCountry "BRA"]
[SourceTitle "CBM 194 Extra"]
[Source "ChessBase"]
[SourceDate "2020.03.31"]
[SourceVersion "1"]
[SourceVersionDate "2020.03.31"]
[SourceQuality "1"]

1. d4 d5 2. c4 e6 3. Nf3 Nf6 4. Bg5 Be7 5. Nc3 h6 6. Bf4 Nc6 7. e3 Bb4 8. a3 Bxc3+ 9. bxc3 0-0 10. Bd3 Ne4 11. Qc2 Nd6 12. c5 Ne4 13. Bxe4 dxe4 14. Qxe4 f5 15. Qc2 b6 16. cxb6 cxb6 17. 0-0 Bb7 18. c4 Ne7 19. Ne5 Be4 20. Qb3 Qe8 21. f3 Bb7 22. a4 Nc6 23. Rac1 Nxe5 24. Bxe5 Bc6 25. Ra1 Qe7 26. a5 Qg5 27. Bf4 Qf6 28. axb6 axb6 29. Qxb6 Rxa1 30. Rxa1 Ra8 31. Ra7 Rxa7 32. Qxa7 Qf7 33. Qb8+ Qf8 34. Kf2 Qxb8 35. Bxb8 Kf7 36. Be5 g6 37. Ke2 h5 38. Kd3 Ke7 39. e4 fxe4+ 40. fxe4 Kd7 41. d5 exd5 42. exd5 Ba8 43. Kd4 Bb7 44. Bf6 Bc8 45. Ke5 Ba6 46. Kd4 Kd6 47. Bg5 Bc8 48. h3 Bf5 49. c5+ Kd7 50. c6+ Kd6 51. Bf4+ Ke7 52. Ke5 Kd8 53. d6 Ke8 54. d7+ Bxd7 55. cxd7+ Kxd7 56. Kf6 g5 57. Kxg5 Ke7 58. Kxh5 Kf7 59. Kh6 Kg8 60. g4 1-0